01434nam a2200337 a 4500001001200000003000800012006001900020007001500039008004100054010001700095020001500112020001800127040002100145035002100166050002600187100001600213245011900229260004800348300001900396504005100415533015200466610004100618650006800659650006800727650005500795650005500850655002900905710001700934856012600951999001901077ebr10465900CaPaEBRm u cr cn|||||||||100817s2011 enka sb 001 0 eng d z 2010035198 z1841503711 z9781841503714 aCaPaEBRcCaPaEBR a(OCoLC)73295618214aNX712.F73bS26 2011eb1 aSant, Toni.10aFranklin Furnace and the spirit of the avant-gardeh[electronic resource] :ba history of the future /cToni Sant. aBristol, UK ;aChicago :bIntellect,c2011. a184 p. :bill. aIncludes bibliographical references and index. aElectronic reproduction.bPalo Alto, Calif. :cebrary,d2011.nAvailable via World Wide Web.nAccess may be limited to ebrary affiliated libraries.20aFranklin Furnace (Archive)xHistory. 0aAvant-garde (Aesthetics)zUnited StatesxHistoryy20th century. 0aAvant-garde (Aesthetics)zUnited StatesxHistoryy21st century. 0aArtsxExperimental methodsxHistoryy20th century. 0aArtsxExperimental methodsxHistoryy21st century. 7aElectronic books.2local2 aebrary, Inc.40uhttp://site.ebrary.com/lib/rucke/Doc?id=10465900zAn electronic book accessible through the World Wide Web; click to view c242983d242983